[Event "Astana Zhuldyzdary Open A"]
[Site "Astana KAZ"]
[Date "2023.07.13"]
[Round "4.5"]
[White "Faizrakhmanov, Ramil"]
[Black "Alekseev, Evgeny"]
[Result "0-1"]
[WhiteTitle "IM"]
[BlackTitle "GM"]
[WhiteElo "2457"]
[BlackElo "2563"]
[WhiteFideId "24103209"]
[BlackFideId "4138147"]
[EventDate "2023.07.11"]

1. d4 Nf6 2. c4 e6 3. Nf3 d5 4. Nc3 Bb4 5. cxd5 exd5 6. Bg5 Nbd7 7. Qc2 h6 8.
Bh4 g5 9. Bg3 Ne4 10. e3 h5 11. h4 Nxg3 12. fxg3 g4 13. Nd2 Nb6 14. Bd3 Bxc3 15.
bxc3 Qd6 16. Kf2 Rh6 17. Rhf1 Be6 18. e4 Rf6+ 19. Kg1 Rxf1+ 20. Nxf1 dxe4 21.
Bxe4 O-O-O 22. Kh2 c5 23. Ne3 cxd4 24. cxd4+ Kb8 25. Qf2 Re8 26. Nf5 Bxf5 27.
Qxf5 Qxd4 28. Re1 a6 29. Re2 Nc4 30. Bd3 Rxe2 31. Bxe2 Qe5 32. Qxe5+ Nxe5 33.
Kg1 Kc7 34. Kf2 Kd6 35. Ke3 b5 36. Kf4 f6 37. Kf5 Ke7 38. Bd1 a5 39. Be2 b4 40.
Bb5 Kf7 41. Ke4 Ke6 42. Be8 Ke7 43. Bb5 Nf7 44. Kd4 Nd6 45. Bd3 f5 46. Ke5 Ne4
47. Kxf5 Nc3 48. Bc4 a4 49. Kf4 Nxa2 50. Ke3 Nc3 51. Kd3 a3 52. Kc2 Ne4 53. Bd3
Nd2 54. Bg6 b3+ 0-1

[Event "Astana Zhuldyzdary Open A"]
[Site "Astana KAZ"]
[Date "2023.07.13"]
[Round "4.6"]
[White "Abdisalimov, Abdimalik"]
[Black "Lobanov, Sergei"]
[Result "0-1"]
[WhiteTitle "IM"]
[BlackTitle "GM"]
[WhiteElo "2451"]
[BlackElo "2547"]
[WhiteFideId "14206323"]
[BlackFideId "24183750"]
[EventDate "2023.07.11"]

1. d4 Nf6 2. c4 e6 3. Nf3 d5 4. Nc3 Nbd7 5. Bf4 Bb4 6. e3 c5 7. Rc1 O-O 8. Bd3
cxd4 9. exd4 dxc4 10. Bxc4 a6 11. a4 Nb6 12. Bb3 Nbd5 13. Bd2 b6 14. O-O Be7 15.
Ne5 Bb7 16. Qe2 Rc8 17. Rfe1 Nxc3 18. bxc3 Ne4 19. Nxf7 Rxf7 20. Bxe6 Nxd2 21.
Qxd2 Bd5 22. Bxf7+ Bxf7 23. Qe2 Bg5 24. Rb1 a5 25. Qa6 Bd2 26. Red1 Bxc3 27. d5
Bb4 28. d6 Bc5 29. Qb7 Rb8 30. Qc6 Rc8 31. Qb7 Rb8 32. Qc6 Qc8 33. Qb5 Qf5 34.
Rd2 Rd8 35. d7 h6 36. Rbd1 Kh7 37. Qc6 Bb3 38. Rf1 Qf4 39. Rd3 Bxa4 40. Qe6 Bb5
41. Rf3 Qd6 42. Qxd6 Bxd6 43. Rd1 Rxd7 44. Ra1 0-1

[Event "Astana Zhuldyzdary Open A"]
[Site "Astana KAZ"]
[Date "2023.07.13"]
[Round "4.7"]
[White "Nikitenko, Mihail"]
[Black "Kamalidenova, Meruert"]
[Result "1-0"]
[WhiteTitle "GM"]
[BlackTitle "WIM"]
[WhiteElo "2540"]
[BlackElo "2336"]
[WhiteFideId "13506862"]
[BlackFideId "13712802"]
[EventDate "2023.07.11"]

1. e4 e5 2. Nf3 Nc6 3. Bc4 Nf6 4. d3 Bc5 5. Nbd2 a6 6. a4 d6 7. c3 Ba7 8. O-O h6
9. b4 O-O 10. Qb3 Ne7 11. d4 exd4 12. cxd4 d5 13. exd5 Nexd5 14. b5 axb5 15.
axb5 Be6 16. Bb2 Re8 17. Ne5 Bb6 18. Qf3 Qd6 19. Nb3 Nh7 20. h4 Nf8 21. Rfd1 f6
22. Rxa8 Rxa8 23. Nc5 c6 24. bxc6 bxc6 25. Nxe6 fxe5 26. dxe5 Qb4 27. Bxd5 cxd5
28. Qxd5 Ra5 29. Qd6 Qxd6 30. Rxd6 Rb5 31. Nxf8 Bxf2+ 32. Kh2 Kxf8 33. Ba3 Ke8
34. Re6+ Kd8 35. Bf8 Rb3 36. Rg6 Bxh4 37. Bxg7 Ke8 38. Bxh6 Kf7 39. Rg7+ Ke6 40.
Bf4 Bf2 41. g3 Bd4 42. Rg6+ Kf5 43. Rd6 Bc5 44. Rc6 Be7 45. Rc7 Ba3 46. Kh3 Bb2
47. Rf7+ Ke6 48. Rf6+ Ke7 49. Kg4 Rd3 50. Kf5 Rf3 51. Rb6 Ba3 52. Rb7+ Ke8 53.
Kf6 Bc1 54. Rb8+ Kd7 55. e6+ Kc6 56. Rc8+ 1-0

[Event "Astana Zhuldyzdary Open A"]
[Site "Astana KAZ"]
[Date "2023.07.13"]
[Round "4.8"]
[White "Harutyunyan, Tigran K."]
[Black "Kozganbay, Erkin"]
[Result "1/2-1/2"]
[WhiteTitle "GM"]
[WhiteElo "2526"]
[BlackElo "2337"]
[WhiteFideId "13303635"]
[BlackFideId "13703773"]
[EventDate "2023.07.11"]

1. Nf3 b6 2. c4 Bb7 3. g3 c5 4. Bg2 g6 5. d4 cxd4 6. Qxd4 Nf6 7. O-O Bg7 8. Nc3
d6 9. Be3 Nbd7 10. Rac1 Rc8 11. b3 a6 12. Rfd1 O-O 13. Qh4 Rc7 14. Bh6 Qa8 15.
Bxg7 Kxg7 16. Qd4 Rfc8 17. a4 Bc6 18. Rb1 h6 19. Ne1 Kh7 20. Nd5 Bxd5 21. cxd5
Nc5 22. h4 b5 23. axb5 axb5 24. g4 Qa2 25. g5 Nh5 26. Qe3 hxg5 27. hxg5 e5 28.
dxe6 Nxe6 29. Nd3 Rc3 30. Bh3 Nhf4 31. Bxe6 Nxe6 32. f4 Kg8 33. Kf2 Re8 34. Re1
Rxd3 35. Qxd3 Nxf4 36. Qxb5 Rxe2+ 37. Rxe2 Nxe2 38. Qe8+ Kg7 39. Qxe2 Qxb1 40.
Qe3 Qb2+ 41. Kf3 d5 42. Kf4 d4 43. Qe5+ Kh7 44. Qd5 Qf2+ 45. Qf3 Qh4+ 46. Qg4
Qe1 47. Qf3 Qe6 48. Qd3 Qd5 49. b4 Kg8 50. b5 Kf8 51. b6 Qd6+ 52. Ke4 Qe6+ 53.
Kxd4 Qxb6+ 54. Ke4 Qf2 55. Qa3+ Kg8 56. Qa8+ Kh7 57. Qa5 Qg3 58. Qe5 Qg4+ 59.
Ke3 Qd7 60. Qh2+ Kg8 61. Qb8+ Kh7 62. Ke4 1/2-1/2

[Event "Astana Zhuldyzdary Open A"]
[Site "Astana KAZ"]
[Date "2023.07.13"]
[Round "4.9"]
[White "Sivuk, Vitaly"]
[Black "Kazhgaleyev, Murtas"]
[Result "1-0"]
[WhiteTitle "GM"]
[BlackTitle "GM"]
[WhiteElo "2432"]
[BlackElo "2503"]
[WhiteFideId "14116502"]
[BlackFideId "13700316"]
[EventDate "2023.07.11"]

1. d4 Nf6 2. c4 g6 3. Nc3 Bg7 4. e4 d6 5. Nf3 O-O 6. Be2 e5 7. O-O Na6 8. Re1
Bg4 9. Be3 exd4 10. Nxd4 Bxe2 11. Qxe2 Re8 12. Qf3 Nd7 13. Rad1 c6 14. Qg3 Ne5
15. b3 Qa5 16. Bc1 Nc5 17. Re2 a6 18. Bb2 Qc7 19. f4 Ned7 20. Nf5 Bf8 21. Red2
Qb6 22. Qe3 d5 23. cxd5 gxf5 24. Qg3+ Bg7 25. Kh1 cxd5 26. exf5 Qh6 27. Rxd5 Re7
28. b4 Rae8 29. bxc5 Re3 30. Qf2 Nf6 31. Rd8 Ng4 32. Rxe8+ Rxe8 33. Qg3 Nf6 34.
h3 Qh5 35. Rd5 Kh8 36. Re5 Rd8 37. Ne4 Rg8 38. Nxf6 Bxf6 39. Re8 Qd1+ 40. Kh2 1-0

[Event "Astana Zhuldyzdary Open A"]
[Site "Astana KAZ"]
[Date "2023.07.13"]
[Round "4.10"]
[White "Igambergenov, Alibek"]
[Black "Sargsyan, Shant"]
[Result "0-1"]
[WhiteTitle "IM"]
[BlackTitle "GM"]
[WhiteElo "2420"]
[BlackElo "2654"]
[WhiteFideId "13703404"]
[BlackFideId "13306766"]
[EventDate "2023.07.11"]

1. d4 d5 2. c4 e6 3. Nc3 Bb4 4. Nf3 dxc4 5. a3 Bxc3+ 6. bxc3 b5 7. a4 c6 8. g3
Bb7 9. Bg2 Ne7 10. Rb1 a6 11. Nd2 Nd5 12. Qc2 c5 13. e4 Nb6 14. a5 Na4 15. Nxc4
O-O 16. dxc5 bxc4 17. Qxa4 Bc6 18. Qc2 Qxa5 19. O-O Nd7 20. Be3 Nxc5 21. Rb4 Nd7
22. f4 Rab8 23. Rfb1 Bb5 24. Qd1 Qc7 25. Bd4 e5 26. Be3 Nc5 27. Qg4 Nd3 28. fxe5
Nxb4 29. Rxb4 Bd7 0-1

[Event "Astana Zhuldyzdary Open A"]
[Site "Astana KAZ"]
[Date "2023.07.13"]
[Round "4.11"]
[White "Niemann, Hans Moke"]
[Black "Stribuk, Artiom"]
[Result "1-0"]
[WhiteTitle "GM"]
[BlackTitle "FM"]
[WhiteElo "2674"]
[BlackElo "2408"]
[WhiteFideId "2093596"]
[BlackFideId "13515659"]
[EventDate "2023.07.11"]

1. e4 c5 2. Nf3 d6 3. d4 cxd4 4. Nxd4 Nf6 5. Nc3 Nc6 6. Bg5 e6 7. Qd2 a6 8.
O-O-O Bd7 9. f3 Nxd4 10. Qxd4 Be7 11. Kb1 Qc7 12. Qd2 b5 13. Bd3 b4 14. Ne2 a5
15. c4 bxc3 16. Nxc3 a4 17. Bb5 h6 18. Bf4 e5 19. Be3 O-O 20. Bxd7 Qxd7 21. g4
Rfb8 22. h4 Rb7 23. Rc1 Rab8 24. Rc2 d5 25. Nxd5 Nxd5 26. Qxd5 Qxd5 27. exd5 Rd7
28. Bc5 Bxc5 29. Rxc5 Rb4 30. Rc8+ Kh7 31. Rd1 h5 32. gxh5 a3 33. b3 Rxh4 34. d6
Rd4 35. Rxd4 exd4 36. Rc6 1-0

[Event "Astana Zhuldyzdary Open A"]
[Site "Astana KAZ"]
[Date "2023.07.13"]
[Round "4.12"]
[White "Petrosyan, Manuel"]
[Black "Tyurin, Artem"]
[Result "1-0"]
[WhiteTitle "GM"]
[BlackTitle "FM"]
[WhiteElo "2627"]
[BlackElo "2342"]
[WhiteFideId "13300857"]
[BlackFideId "44130112"]
[EventDate "2023.07.11"]

1. Nf3 Nf6 2. c4 e6 3. Nc3 d5 4. e3 c5 5. cxd5 exd5 6. Bb5+ Bd7 7. Bxd7+ Qxd7 8.
Ne5 Qc7 9. Qa4+ Nc6 10. Nxc6 bxc6 11. b3 Bd6 12. Ba3 O-O 13. Rc1 Nd7 14. Qa6
Rfb8 15. d4 Qb6 16. Qa4 Bf8 17. dxc5 Bxc5 18. O-O a5 19. Bb2 Qb7 20. Qg4 Bf8 21.
Na4 c5 22. Rfd1 Qc6 23. Qf5 Nb6 24. Nxc5 Bxc5 25. Bd4 Nd7 26. Bxc5 g6 27. Qxd5
Qxd5 28. Rxd5 Nxc5 29. Rdxc5 a4 30. bxa4 Kg7 31. R5c4 Rb2 32. Ra1 Rd8 33. h4
Rdd2 34. Rf4 h6 35. Rc1 g5 36. hxg5 hxg5 37. Rf5 Kg6 38. g4 Rxa2 39. Rc6+ 1-0

[Event "Astana Zhuldyzdary Open A"]
[Site "Astana KAZ"]
[Date "2023.07.13"]
[Round "4.13"]
[White "Kazakov, Konstantin"]
[Black "Rakhmanov, Aleksandr"]
[Result "1/2-1/2"]
[WhiteTitle "IM"]
[BlackTitle "GM"]
[WhiteElo "2389"]
[BlackElo "2620"]
[WhiteFideId "13700898"]
[BlackFideId "4173708"]
[EventDate "2023.07.11"]

1. d4 d5 2. Nf3 c6 3. Bf4 Qb6 4. Qc1 Bg4 5. Nbd2 Nd7 6. e3 e6 7. Bd3 Ngf6 8. O-O
Be7 9. h3 Bxf3 10. Nxf3 c5 11. c3 O-O 12. Qb1 g6 13. Re1 Rfe8 14. a4 Bd6 15. a5 1/2-1/2

[Event "Astana Zhuldyzdary Open A"]
[Site "Astana KAZ"]
[Date "2023.07.13"]
[Round "4.14"]
[White "Kovalev, Vladislav"]
[Black "Begmuratov, Khumoyun"]
[Result "1-0"]
[WhiteTitle "GM"]
[BlackTitle "FM"]
[WhiteElo "2603"]
[BlackElo "2391"]
[WhiteFideId "13504398"]
[BlackFideId "14210207"]
[EventDate "2023.07.11"]

1. e4 e5 2. Nf3 Nc6 3. Bb5 Nf6 4. O-O Nxe4 5. Re1 Nd6 6. Nxe5 Be7 7. Bf1 Nxe5 8.
Rxe5 O-O 9. d4 Bf6 10. Re1 Re8 11. Bf4 Rxe1 12. Qxe1 Ne8 13. Qc3 d5 14. Nd2 c6
15. a4 Nc7 16. Nf3 Ne6 17. Be5 Bxe5 18. Nxe5 f6 19. Nd3 a5 20. Re1 Qd6 21. Nc5
b6 22. Nxe6 Bxe6 23. Qb3 Rb8 24. Bd3 Bf7 25. c3 g6 26. g3 Kg7 27. h4 Qc7 28. Qd1
Re8 29. Rxe8 Bxe8 30. Qg4 Bd7 31. Qf3 h5 32. Qe2 Qd6 33. Qc2 Qe7 34. Qb1 Be8 35.
b4 Qc7 36. Qb2 Bd7 37. bxa5 bxa5 38. Qa3 Bf5 39. Bxf5 gxf5 40. Qc5 f4 41. Kg2
fxg3 42. fxg3 Kg6 43. c4 Qd7 44. Qxa5 dxc4 45. Qc5 Qe6 46. Kf3 Qg4+ 47. Kf2 Qe6
48. a5 Kh6 49. a6 c3 50. a7 Qa2+ 51. Kf3 c2 52. Qxc6 Qa3+ 53. Ke2 c1=N+ 54. Kd1
Qxa7 55. Qxf6+ Kh7 56. Qf5+ Kg7 57. Qe5+ Kg8 58. Kxc1 Qa3+ 59. Kd2 Qb2+ 60. Ke3
Qc1+ 61. Ke4 Qh1+ 62. Kf5 Qf3+ 63. Kg6 Qg4+ 64. Kh6 Qd7 65. Kxh5 Qf7+ 66. Kg5
Qd7 67. h5 Qd8+ 68. Kg4 Qd7+ 69. Kf4 Qf7+ 70. Kg5 Qd7 71. h6 Qd8+ 72. Kh5 1-0

[Event "Astana Zhuldyzdary Open A"]
[Site "Astana KAZ"]
[Date "2023.07.13"]
[Round "4.15"]
[White "Aitbayev, Aslan"]
[Black "Sethuraman, S.P."]
[Result "0-1"]
[WhiteTitle "IM"]
[BlackTitle "GM"]
[WhiteElo "2403"]
[BlackElo "2602"]
[WhiteFideId "13704613"]
[BlackFideId "5021596"]
[EventDate "2023.07.11"]

1. e4 c5 2. Nf3 d6 3. d4 cxd4 4. Nxd4 Nf6 5. Nc3 a6 6. Be3 e6 7. g4 h6 8. Bg2
Nc6 9. h3 Be7 10. f4 Nd7 11. O-O Nxd4 12. Qxd4 Rb8 13. a4 b6 14. Rad1 Qc7 15.
Qd2 Bb7 16. Qf2 O-O 17. h4 Bf6 18. g5 Bxc3 19. bxc3 h5 20. f5 Nc5 21. Qe2 Nxe4
22. Bxe4 Bxe4 23. fxe6 fxe6 24. Bf4 Qc5+ 25. Kh2 Bd5 26. Qxh5 Bc4 27. Qg4 Bxf1
28. Qxe6+ Kh8 29. Rxf1 Rbe8 30. Qg4 Qf5 31. Qh5+ Kg8 32. Rf2 Qc5 33. Rg2 Re6 34.
Bg3 Qd5 35. Qg4 Re4 36. Qd7 Qe6 37. Qb7 Re2 38. Qxa6 Rxg2+ 39. Kxg2 Qe4+ 40. Kh3
Qf5+ 41. Kh2 Qxc2+ 42. Kh3 Qf5+ 43. Kh2 Re8 44. Qxb6 Re2+ 45. Kg1 Kh7 46. Qb5
Qe4 47. Bf2 Ra2 48. Qf1 Rxa4 49. Qd1 Qg4+ 50. Qxg4 Rxg4+ 51. Kf1 Kg6 52. Ke2 Kh5
53. Kd3 d5 54. Be1 g6 55. Bf2 Re4 56. Bg3 Kg4 57. Bf2 Kf3 58. Bd4 Rxh4 59. Bf6
Re4 60. Bd8 Kg4 61. Bf6 Kf5 62. Bd8 Re1 63. Kd4 Rd1+ 64. Kc5 Ke6 65. Bf6 Rf1 66.
Kc6 Rf4 67. Kc5 Rc4+ 68. Kb5 Kf5 0-1

[Event "Astana Zhuldyzdary Open A"]
[Site "Astana KAZ"]
[Date "2023.07.13"]
[Round "4.16"]
[White "Moiseenko, Alexander"]
[Black "Ashraf, Artin"]
[Result "1-0"]
[WhiteTitle "GM"]
[BlackTitle "FM"]
[WhiteElo "2575"]
[BlackElo "2309"]
[WhiteFideId "14102560"]
[BlackFideId "22514805"]
[EventDate "2023.07.11"]

1. d4 Nf6 2. c4 e6 3. Nc3 Bb4 4. e3 O-O 5. Bd3 d5 6. Nf3 b6 7. cxd5 exd5 8. O-O
Ba6 9. Bxa6 Nxa6 10. Qa4 Qc8 11. Bd2 Re8 12. Rac1 Bf8 13. Ne2 c5 14. Ng3 Qb7 15.
dxc5 Nxc5 16. Qb5 Rac8 17. Bc3 Nfe4 18. Bd4 Qa6 19. Qxa6 Nxa6 20. Rfd1 f6 21.
Ne1 Nxg3 22. hxg3 Kf7 23. Kf1 Ke6 24. Ke2 Nb4 25. a3 Nc6 26. Bc3 Bd6 27. Nf3 h6
28. Rc2 Be5 29. Rdc1 Ne7 30. Kd3 Bxc3 31. Rxc3 Rxc3+ 32. Rxc3 Rc8 33. Rxc8 Nxc8
34. Nd4+ Kd7 35. Nf5 g6 36. Nxh6 Nd6 37. Ng4 Ke6 38. Nh2 Nc4 39. Kc3 Nd6 40. f3
Nc4 41. Nf1 Kd6 42. a4 a5 43. e4 Kc5 44. exd5 Kxd5 45. b3 Nd6 46. Ne3+ Kc5 47.
Ng4 Ne8 48. Nf2 Kd5 49. g4 Nd6 50. Ne4 Nxe4+ 51. fxe4+ Kxe4 52. Kc4 Kf4 53. Kb5
Kg3 54. Kxb6 Kxg2 55. Kxa5 f5 56. gxf5 gxf5 57. Kb6 f4 58. a5 f3 59. a6 f2 60.
a7 f1=Q 61. a8=Q+ Kg3 62. Qg8+ Kh3 63. Qe6+ Kg3 64. b4 Qf2+ 65. Kb7 Qf1 66. Qe5+
Kh4 67. b5 Qg2+ 68. Kc7 Qc2+ 69. Kb8 Qf2 70. Qe7+ Kh5 71. Qe8+ Kh4 72. Qd8+ Kh5
73. Qd5+ Kh4 74. Qe4+ Kh5 75. Qe5+ Kh4 76. Qd6 Qe3 77. Qf6+ Kh3 78. b6 Qe8+ 79.
Kc7 Qe3 80. b7 Qc5+ 81. Qc6 Qe5+ 82. Qd6 Qc3+ 83. Kd8 Qh8+ 84. Kd7 Qg7+ 85. Kc6
Qc3+ 86. Qc5 Qf6+ 87. Kb5 Qb2+ 88. Qb4 Qe5+ 89. Ka4 Qb8 90. Kb3 Kh2 91. Ka2 Qa7+
92. Kb1 Qg1+ 93. Kb2 Qf2+ 94. Ka1 Qa7+ 95. Kb1 Qg1+ 96. Kc2 Qg6+ 97. Kd1 Qg1+
98. Qe1 1-0

[Event "Astana Zhuldyzdary Open A"]
[Site "Astana KAZ"]
[Date "2023.07.13"]
[Round "4.17"]
[White "Suleimen, Ergali"]
[Black "Goganov, Aleksey"]
[Result "0-1"]
[WhiteTitle "FM"]
[BlackTitle "GM"]
[WhiteElo "2296"]
[BlackElo "2531"]
[WhiteFideId "13724452"]
[BlackFideId "24109959"]
[EventDate "2023.07.11"]

1. e4 e5 2. Nf3 Nc6 3. Bb5 a6 4. Ba4 Nf6 5. O-O Be7 6. Re1 b5 7. Bb3 O-O 8. c3
d5 9. exd5 Nxd5 10. Nxe5 Nxe5 11. Rxe5 c6 12. d3 Bd6 13. Re1 Qh4 14. g3 Qh3 15.
Qf3 Bg4 16. Qg2 Qh5 17. Bxd5 cxd5 18. Bf4 Bxf4 19. gxf4 Rae8 20. Nd2 Re6 21.
Rxe6 Bxe6 22. Qg5 Qg4+ 23. Kh1 0-1

[Event "Astana Zhuldyzdary Open A"]
[Site "Astana KAZ"]
[Date "2023.07.13"]
[Round "4.18"]
[White "Ohanyan, Emin"]
[Black "Radzhabov, Rodion"]
[Result "1-0"]
[WhiteTitle "IM"]
[BlackTitle "FM"]
[WhiteElo "2489"]
[BlackElo "2303"]
[WhiteFideId "13312022"]
[BlackFideId "884715"]
[EventDate "2023.07.11"]

1. Nf3 Nf6 2. c4 e6 3. Nc3 c5 4. g3 b6 5. Bg2 Bb7 6. O-O Be7 7. d4 cxd4 8. Qxd4
d6 9. Rd1 a6 10. b3 Nbd7 11. Ba3 Nc5 12. Ne1 Qc7 13. Rac1 O-O 14. Bb2 Rfd8 15.
h4 Rac8 16. e4 Bf8 17. Qe3 Qb8 18. b4 Ncd7 19. Nb1 b5 20. cxb5 axb5 21. Qe2 Bc6
22. g4 Qb7 23. Nd2 d5 24. e5 Ne4 25. Nd3 Nxd2 26. Qxd2 d4 27. Rxc6 Rxc6 28. Qg5
Ra8 29. Bxd4 Nb6 30. Bxc6 Qxc6 31. Bxb6 Qxb6 32. Rd2 Qd4 33. Qf4 Qc3 34. Nc5
Qc1+ 35. Kh2 h5 36. Nb3 Qb1 37. gxh5 Rxa2 38. Rd7 Qf5 39. Qxf5 exf5 40. Rd8 g5
41. hxg5 Rxf2+ 42. Kg3 Rf1 43. Nc5 1-0

[Event "Astana Zhuldyzdary Open A"]
[Site "Astana KAZ"]
[Date "2023.07.13"]
[Round "4.19"]
[White "Kassimov, Baurzhan"]
[Black "Madaminov, Mukhiddin"]
[Result "0-1"]
[WhiteTitle "IM"]
[BlackTitle "IM"]
[WhiteElo "2304"]
[BlackElo "2471"]
[WhiteFideId "13704800"]
[BlackFideId "14210703"]
[EventDate "2023.07.11"]

1. c4 g6 2. Nc3 c5 3. g3 Bg7 4. Bg2 Nc6 5. Nf3 e6 6. O-O Nge7 7. d3 O-O 8. Bd2
d5 9. a3 b6 10. Rb1 Bb7 11. Qc1 d4 12. Na4 Qd7 13. b4 Nd8 14. Qc2 Bc6 15. b5 Bb7
16. e3 e5 17. exd4 exd4 18. Rfe1 f6 19. Nb2 g5 20. a4 Ng6 21. h3 h5 22. Qd1 g4
23. hxg4 hxg4 24. Nh2 Bxg2 25. Kxg2 f5 26. f4 Ne6 27. Qe2 Rae8 28. Qf1 Kf7 29.
Kg1 Rh8 30. Qg2 Rh3 31. Nf1 Reh8 32. Qd5 Qxd5 33. cxd5 Nc7 34. d6 Nd5 35. Nc4
Rd8 36. a5 bxa5 37. Ra1 Ne3 38. Rxa5 Rd7 39. Rea1 Nxf1 40. Kxf1 Rh1+ 41. Kf2
Rxa1 42. Rxa1 Bf8 43. Ne5+ Nxe5 44. fxe5 Ke6 45. Bf4 Bg7 46. Rh1 Rf7 47. Rh7 Rd7
48. Ke2 Rf7 49. Kd1 Rd7 50. Kc2 Bxe5 51. Rxd7 Bxf4 52. Rxa7 Bxg3 53. d7 Ke7 54.
b6 f4 55. Ra8 Kxd7 56. b7 f3 57. Kd1 c4 58. dxc4 d3 59. Kd2 Bf4+ 60. Kxd3 g3 61.
Rf8 g2 62. Rxf4 Kc7 63. Rf7+ Kb8 64. Rxf3 g1=Q 65. Re3 Qg6+ 66. Kc3 Kxb7 67. Rd3
Qg7+ 68. Kb3 Kc6 69. Rd5 Qe7 70. Rb5 Qe3+ 71. Kb4 Qd4 72. Kb3 Qe3+ 73. Kb4 Kd6
74. Rd5+ Ke6 75. Rb5 Qd2+ 76. Kb3 Qe2 77. Rd5 Qe3+ 78. Ka4 Qc3 79. Kb5 Qa3 80.
Rh5 Qb3+ 81. Kc5 Qe3+ 82. Kb5 Qg3 83. Rd5 Qf2 84. Ka4 Ke7 85. Rb5 Qe3 86. Rd5
Qc3 87. Rc5 Kd6 88. Rd5+ Kc6 89. Rc5+ Kb6 90. Rb5+ Ka6 91. Rc5 Qc2+ 92. Kb4 Qd2+ 0-1

[Event "Astana Zhuldyzdary Open A"]
[Site "Astana KAZ"]
[Date "2023.07.13"]
[Round "4.20"]
[White "Bizhigitov, Zhangir"]
[Black "Agmanov, Zhandos"]
[Result "1/2-1/2"]
[WhiteTitle "FM"]
[BlackTitle "IM"]
[WhiteElo "2255"]
[BlackElo "2430"]
[WhiteFideId "13725599"]
[BlackFideId "13708309"]
[EventDate "2023.07.11"]

1. e4 e5 2. Nf3 Nc6 3. Bb5 a6 4. Ba4 Nf6 5. O-O Bc5 6. c3 b5 7. Bb3 d6 8. a4 Bg4
9. d3 O-O 10. Nbd2 Qd7 11. h3 Bh5 12. Re1 Na5 13. Bc2 b4 14. Nf1 b3 15. Bb1 Rfe8
16. Ng3 Bg6 17. d4 Bb6 18. Bg5 Nh5 19. Nxh5 Bxh5 20. Nxe5 dxe5 21. Qxh5 exd4 22.
e5 d3 23. Rd1 Bxf2+ 24. Kxf2 Qf5+ 25. Kg1 h6 26. Bxd3 Qxg5 27. Qxg5 hxg5 28. Re1
g6 29. Rad1 Re6 30. Bf1 Rae8 31. Rd7 Rxe5 32. Rxe5 Rxe5 33. Bxa6 Re1+ 34. Kf2
Rb1 35. Rd2 Ra1 36. Ke3 Rxa4 37. Bb5 Ra2 1/2-1/2

[Event "Astana Zhuldyzdary Open A"]
[Site "Astana KAZ"]
[Date "2023.07.13"]
[Round "4.21"]
[White "Loskutova, Viktoriya"]
[Black "Zarubitski, Viachaslau"]
[Result "0-1"]
[WhiteTitle "WFM"]
[BlackTitle "IM"]
[WhiteElo "2185"]
[BlackElo "2423"]
[WhiteFideId "34166278"]
[BlackFideId "13509373"]
[EventDate "2023.07.11"]

1. e4 c5 2. Nf3 e6 3. d4 cxd4 4. Nxd4 a6 5. a3 Nf6 6. Nc3 Qc7 7. Be3 d6 8. f4 b5
9. g4 Bb7 10. Bg2 Nc6 11. g5 Nd7 12. Qe2 Na5 13. O-O-O Nc4 14. Bf2 Be7 15. h4
Rc8 16. Rh3 O-O 17. f5 exf5 18. Nxf5 Rfe8 19. Nxe7+ Rxe7 20. Nd5 Bxd5 21. Rxd5
Ndb6 22. Rd1 d5 23. e5 Rxe5 24. Qd3 Re6 25. Kb1 a5 26. Rhh1 b4 27. Bh3 bxa3 28.
Bxe6 fxe6 29. Bxb6 Qxb6 30. b3 a4 31. Rc1 Na5 32. Ka2 axb3+ 33. cxb3 Qf2+ 34.
Kxa3 Nc4+ 35. bxc4 Ra8+ 36. Kb3 Rb8+ 0-1

[Event "Astana Zhuldyzdary Open A"]
[Site "Astana KAZ"]
[Date "2023.07.13"]
[Round "4.22"]
[White "Zhalmakhanov, Ramazan"]
[Black "Khamdamova, Afruza"]
[Result "1-0"]
[WhiteTitle "IM"]
[BlackTitle "WFM"]
[WhiteElo "2413"]
[BlackElo "2222"]
[WhiteFideId "13706357"]
[BlackFideId "14210444"]
[EventDate "2023.07.11"]

1. d4 Nf6 2. Bf4 d5 3. e3 c5 4. dxc5 e6 5. b4 a5 6. c3 Nc6 7. Bb5 Bd7 8. Qb3 Nh5
9. Ne2 Nxf4 10. exf4 Qf6 11. O-O axb4 12. cxb4 Qxa1 13. Nbc3 Qxf1+ 14. Kxf1 Be7
15. a4 O-O 16. a5 Rfc8 17. Na4 Bd8 18. f3 h6 19. Kf2 Nb8 20. Nec3 Bc7 21. g3 Nc6
22. Qb1 d4 23. Ne4 Rd8 24. Nb6 Bxb6 25. cxb6 Nb8 26. Bd3 Bc6 27. g4 Nd7 28. h4
Nf8 29. Kg3 Bd5 30. Qe1 Rac8 31. g5 h5 32. Qd2 Ng6 33. Nc5 Ne7 34. Be4 Rb8 35.
b5 Nf5+ 36. Bxf5 exf5 37. Qxd4 Bxf3 38. Qxd8+ Rxd8 39. Kxf3 Rb8 40. a6 Kh7 41.
a7 Rc8 42. Nxb7 1-0

[Event "Astana Zhuldyzdary Open A"]
[Site "Astana KAZ"]
[Date "2023.07.13"]
[Round "4.23"]
[White "Rakhimzhan, Alen"]
[Black "Bernadskiy, Vitaliy"]
[Result "0-1"]
[WhiteTitle "FM"]
[BlackTitle "GM"]
[WhiteElo "2154"]
[BlackElo "2545"]
[WhiteFideId "13707213"]
[BlackFideId "14100371"]
[EventDate "2023.07.11"]

1. d4 Nf6 2. c4 d6 3. Nf3 g6 4. Nc3 Bg7 5. e4 O-O 6. Be2 e5 7. O-O Nc6 8. d5 Ne7
9. Ne1 Nd7 10. Nd3 f5 11. Bd2 Nf6 12. f3 Kh8 13. c5 c6 14. cxd6 Qxd6 15. Kh1
cxd5 16. Nb5 Qd8 17. Nxe5 a6 18. Na3 dxe4 19. Bc4 Qe8 20. Qb3 Ned5 21. Bc3 Nxc3
22. Nf7+ Rxf7 23. Bxf7 Qe7 24. bxc3 b5 25. fxe4 Nxe4 26. Bd5 Bb7 27. Bxb7 Qxb7
28. Qe6 Rd8 29. Rae1 Bxc3 30. Re2 Qa8 31. Nc2 b4 32. Nxb4 a5 33. Nc2 Bg7 34. Ne1
Re8 35. Qc4 Re7 36. Qd3 Re6 0-1

[Event "Astana Zhuldyzdary Open A"]
[Site "Astana KAZ"]
[Date "2023.07.13"]
[Round "4.24"]
[White "Nogerbek, Kazybek"]
[Black "Balmagambetov, Timur"]
[Result "1-0"]
[WhiteTitle "IM"]
[WhiteElo "2504"]
[BlackElo "2143"]
[WhiteFideId "13710427"]
[BlackFideId "13730258"]
[EventDate "2023.07.11"]

1. d4 Nf6 2. c4 g6 3. Nc3 Bg7 4. e4 d6 5. Nf3 O-O 6. Be2 e5 7. O-O Na6 8. Be3
Ng4 9. Bg5 Qe8 10. h3 h6 11. Bc1 Nf6 12. dxe5 dxe5 13. Be3 Qe7 14. Qc1 Kh7 15.
Nd5 Qe6 16. Nc3 Qe7 17. c5 b6 18. Bxa6 Bxa6 19. Rd1 Qe6 20. Qc2 Bb7 21. a3 Rfd8
22. b4 Bf8 23. Rac1 Rxd1+ 24. Rxd1 a5 25. Nd2 axb4 26. axb4 bxc5 27. bxc5 Bc6
28. f3 Ra5 29. Kh2 Be7 30. Rb1 Nd7 31. Nb3 Ra3 32. Qb2 Ra8 33. Qd2 Rd8 34. Qc1
Bf8 35. Na5 Rb8 36. Nxc6 Rxb1 37. Qxb1 Qxc6 38. Qb3 Kg7 39. Na4 Qa6 40. Qc2 h5
41. Nb2 Qb5 42. Nd3 Kg8 43. g3 Bg7 44. Kg2 Nb8 45. Qd2 Nd7 46. Qc3 Kh7 47. Kf2
c6 48. Qc2 Bf8 49. Ke2 Kg7 50. Kd1 Kg8 51. Kc1 Qa5 52. Kb2 Be7 53. Qc3 Qb5+ 54.
Qb3 Qa6 55. Qc3 Qb5+ 56. Kc1 Bf6 57. Qc2 Be7 58. Kd1 Kh7 59. Ke2 Kg8 60. Kf2 Bf8
61. Kg2 Kh7 62. f4 exf4 63. gxf4 Kg8 64. Bd4 Qa6 65. f5 gxf5 66. exf5 Qa3 67.
Qd2 Be7 68. Qe2 Bf6 69. Bf2 h4 70. Qe8+ Nf8 71. Qe4 Nd7 72. Nf4 Qc1 73. Qe8+ Nf8
74. Qxc6 Be5 75. Nd5 Qg5+ 76. Kh1 Qc1+ 77. Bg1 Bd4 78. Ne7+ Kh7 79. Qg2 Nd7 80.
Qg8+ Kh6 81. c6 Nf6 82. Qh8+ Kg5 83. Qg7+ Kf4 84. Qh6+ 1-0